00504 2200193 4500001002100000005001700021006001900038008004100057020002200098035002500120090001400145100001400159245003000173260003800203700001800241990001700259990001700276990001700293INLIS00000000000844620140227150358.0a ||| | 180719| ||| |  a978-979-29-3137-2 a0010-081300000000083 a680 AGU k0 aHernita P00aKreatif dengan tas kresek aYogyakartabC.V ANDI OFFSETc20120 adewi agustina a8612/PN/2013 a8969/PN/2013 a8612/PN/2013